ONDE DEL DESTINO (LE) (Record n. 105594)

Dettagli MARC
000 -LEADER
fixed length control field 02325agaaa2200337 4500
001 - CONTROL NUMBER
control field 0722
003 - CONTROL NUMBER IDENTIFIER
control field IT-RoPAU
005 - DATE AND TIME OF LATEST TRANSACTION
control field 20220918181234.0
007 - PHYSICAL DESCRIPTION FIXED FIELD--GENERAL INFORMATION
fixed length control field d cvaizq
008 - FIXED-LENGTH DATA ELEMENTS--GENERAL INFORMATION
fixed length control field 50131s9999||||xx ||| | || ||und||
040 ## - CATALOGING SOURCE
Original cataloging agency IT-RoPAU
Transcribing agency IT-RoPAU
041 ## - LANGUAGE CODE
Language code of text/sound track or separate title ITALIANO
100 ## - MAIN ENTRY--PERSONAL NAME
Personal name Trier Lars Von
Miscellaneous information Codice regista SPICS: 50371
9 (RLIN) 42279
130 ## - MAIN ENTRY--UNIFORM TITLE
Uniform title ONDE DEL DESTINO (LE)
9 (RLIN) 42280
240 ## - UNIFORM TITLE
Uniform title BREAKING THE WAVES
Miscellaneous information T3134
245 ## - TITLE STATEMENT
Title ONDE DEL DESTINO (LE)
Statement of responsibility, etc. Prodotto da: Windelov Wibeke -- Sceneggiatura: Trier Lars Von -- Diretto da: Trier Lars Von
Name of part/section of a work ONDE DEL DESTINO (LE) (Rif. Codice opera principale : F0722)
246 ## - VARYING FORM OF TITLE
Title proper/short title BREAKING THE WAVES
250 ## - EDITION STATEMENT
Edition statement Edizione Standard
260 ## - PUBLICATION, DISTRIBUTION, ETC. (IMPRINT)
Place of publication, distribution, etc. DANIMARCA (DANIMARCA)
Name of publisher, distributor, etc. ZENTROPA ENTERTAINMENT / Distribuzione: LUCKY RED HOME VIDEO
Date of manufacture "1996 (1° ed.: 1998 ; Ed. Lingua Orig.: 1996)"
300 ## - PHYSICAL DESCRIPTION
Extent VHS
Other physical details sonoro, col.
Dimensions 155 minuti
508 ## - CREATION/PRODUCTION CREDITS NOTE
Creation/production credits note "Fotografia: Muller Robby; Montaggio: Refn Anders; Musica: Holbuk Joachim; Sceneggiatura: Trier Lars Von; Scenografia: Juliusson Karl; "
511 ## - PARTICIPANT OR PERFORMER NOTE
Participant or performer note "Watson Emily; Skarsgard Stellan; Cartlidge Katrin; Barr Jean-Marc; Kier Udo"
520 ## - SUMMARY, ETC.
Summary, etc. VIETATO AI MINORI DI 14 ANNI.AMBIENTATO DURANTE I PRIMI ANNI SETTANTA IN UNA PICCOLA COMUNITA' SULLE COSTE DELLA SCOZIA, RACCONTA LA STORIA DI BESS, UNA GIOVANE DONNA INGENUA ED INNOCENTE CHE VIVE UNA PROFONDA ESPERIENZA AMOROSA. BESS SI INNAMORA DI JAN, UN INQUIETO OPERAIO DI UN POZZO PETROLIFERO. JAN, AFFASCINATO DALLA PUREZZA E DALL'INNOCENZA DI BESS NONOSTANTE L'OPPOSIZIONE DELLA COMUNITA' LE CHIEDERA' DI SPOSARLO. I DUE GIOVANI PER UN BREVE FELICE PERIODO VIVONO UN INTENSO AMORE, MA QUANDO JAN DEVE FARE RITORNO AL POZZO PETROLIFERO, BESS PRECIPITA NELLA DISPERAZIONE. IL RITORNO AVVIENE PRIMA DEL PREVISTO A CAUSA DI UNA ESPLOSIONE AL POZZO CHE FERISCE GRAVEMENTE JAN, LASCIANDOLO COMPLETAMENTE PARALIZZATO. BESS ARRIVA COSI' AD OGNI SACRIFICIO RISCHIANDO ANCHE LA VITA PER IL SUO GRANDE AMORE.
538 ## - SYSTEM DETAILS NOTE
System details note PAL, STEREO
546 ## - LANGUAGE NOTE
Language note ITALIANO
650 ## - SUBJECT ADDED ENTRY--TOPICAL TERM
Topical term or geographic name as entry element DRAMMATICO
Relator term FILMS [VHS]
General subdivision Codice MATERIA SPICS: 9960
9 (RLIN) 34083
700 ## - ADDED ENTRY--PERSONAL NAME
Personal name Holbuk Joachim
Relator term (musica)
Miscellaneous information Codice Musica SPICS: 50372
9 (RLIN) 42281
700 ## - ADDED ENTRY--PERSONAL NAME
Personal name Trier Lars Von
Relator term (regista)
Miscellaneous information Codice regista SPICS: 50371
9 (RLIN) 42282
700 ## - ADDED ENTRY--PERSONAL NAME
Personal name Trier Lars Von
Relator term (soggetto)
Miscellaneous information Codice Soggetto SPICS: 50371
9 (RLIN) 42283
942 ## - ADDED ENTRY ELEMENTS (KOHA)
Koha item type VHS - VIDEO
Source of classification or shelving scheme Dewey Decimal Classification
Dati di copia
Withdrawn status Lost status Damaged status Not for loan Home library Current library Date acquired Total Checkouts Full call number Date last seen Price effective from Koha item type Public note
    Buone Condizioni Not For Loan SPICS-MEDIATECA SPICS-MEDIATECA 31/01/2015   F0722 31/01/2015 31/01/2015 VHS - VIDEO Progr. Ins.: 827 / N.Vol.:1 / Copie: 1 / Pag.: / Copia rara: n.d. / date import: 1.2.2015 / By Epidotti, Trombetti, Vaglietti
CREDITS: SOCIETA' SAN PAOLO Via A.Severo, 58 - ROMA (RM) & PERIODICI SAN PAOLO SRL Via Giotto, 36 MILANO & CISF Via Giotto, 36 MILANO & EDIZIONI SAN PAOLO SRL,  Piazza Soncino, 5 CINISELLO BALSAMO (MI) -- ITALY